|
|
|
|
| LEADER |
00000nab a2200000 ar4500 |
| 001 |
vtls008934729 |
| 003 |
SK-MaSNL |
| 005 |
20260319071320.0 |
| 008 |
070111c2006 xo |||||||| |000 b|hun |
| 015 |
|
|
|a SNBRB2007/01
|2 snkbucl
|
| 038 |
|
|
|a SNKBUCL
|
| 040 |
|
|
|a DSZK
|b slo
|c DSZK
|e AACR2
|
| 041 |
0 |
|
|a hun
|
| 044 |
|
|
|a xo
|c SK
|
| 080 |
|
|
|a 94(439)
|x "1956"
|2 1997
|
| 080 |
|
|
|a 94(437.6)
|x "1956"
|2 1997
|
| 245 |
0 |
0 |
|a 1956 szlovákiai magyar vonatkozású forrásai
|
| 246 |
3 |
|
|a Ezekilencszázötvenhat szlovákiai magyar vonatkozású forrásai
|
| 500 |
|
|
|a Úvod Attila Simon
|
| 648 |
|
7 |
|a 1956
|2 snkbucl
|9 307092
|
| 650 |
0 |
7 |
|a maďarské povstanie (1956)
|2 snkbucl
|9 176544
|
| 773 |
0 |
|
|t Fórum társadalomtudományi szemle
|g Évf. VIII, sz. 3 (2006), o. 143-160
|x 1335-4361
|
| 852 |
|
|
|a SNK
|b KIS3GCP
|
| 852 |
|
|
|a DSZK
|b KIS3GCP
|
| 958 |
|
|
|a HU
|
| 958 |
|
|
|a SK
|
| 999 |
|
|
|c 1756092
|d 1758022
|